000 01123cam a22003377a 4500
001 13104575
003 ASAB
005 20180827062722.0
008 021031s2002 it a b i000 0 eng d
010 _a 2003422210
020 _a81-85860-32-7
035 _a(OCoLC)ocm50911288
040 _aDJB
_cASAB
_dUKM
_dDLC
042 _alccopycat
043 _af-ml---
050 0 0 _aSB950.3.M35
_bS74 2002
082 0 0 _a632/.9/096623
_221
100 1 _aR.P. Srivastava
_91598
245 1 0 _amango insect pest management :
_cR.P. Srivastava
300 _a272 P. p. :
_bill. ;
_c30 cm.
440 0 _aPeople's participation,
_x1020-122X ;
_v13
_91599
504 _aIncludes bibliographical references (p. 38-39).
650 0 _aPests
_xControl
_zMali.
_91600
650 0 _aPests
_xIntegrated control
_zMali.
_91601
700 1 _aMusch, Arne.
_91602
700 1 _aDiarra, Yaya.
_91603
710 2 _aFood and Agriculture Organization of the United Nations.
_91604
906 _a7
_bcbc
_ccopycat
_d3
_encip
_f20
_gy-gencatlg
942 _2ddc
_cBK
999 _c480377
_d480377